[Event "Oberliga NRW 0607"]
[Site "Germany"]
[Date "2007.01.28"]
[Round "5.2"]
[White "Stoyanov, Petar"]
[Black "Helbig, Mark"]
[Result "1-0"]
[WhiteElo "2266"]
[BlackElo "2356"]
[PlyCount "119"]
[EventDate "2006.09.17"]
[EventType "team-tourn"]
[EventRounds "9"]
[EventCountry "GER"]
[SourceTitle "EXT 2008"]
[Source "ChessBase"]
[SourceDate "2007.11.25"]
[SourceVersion "1"]
[SourceVersionDate "2007.11.25"]
[SourceQuality "1"]
[WhiteTeam "Gescher"]
[BlackTeam "Koeln SF"]
[WhiteTeamCountry "GER"]
[BlackTeamCountry "GER"]

1. d4 Nf6 2. Nc3 d5 3. Qd3 c5 4. dxc5 d4 5. Ne4 Nxe4 6. Qxe4 Qa5+ 7. Bd2 Qxc5 8. e3 Nc6 9. exd4 Qxd4 10. Qxd4 Nxd4 11. 0-0-0 Bg4 12. f3 Bd7 13. Ne2 Nxe2+ 14. Bxe2 e6 15. Bc3 Bc6 16. Rhe1 Bc5 17. b4 Bf2 18. Rf1 Bb6 19. Kb2 Rc8 20. Bd4 Bxd4+ 21. Rxd4 e5 22. Rd2 Rd8 23. Rxd8+ Kxd8 24. b5 Bd7 25. c4 b6 26. c5 bxc5 27. Rc1 Ke7 28. Rxc5 Kd6 29. Rc3 Rb8 30. a4 a6 31. Rd3+ Kc7 32. Rd5 axb5 33. Bxb5 Bxb5 34. axb5 f6 35. Kb3 Ra8 36. Rd2 Ra1 37. Kb4 Rb1+ 38. Kc5 Rc1+ 39. Kd5 Kb6 40. Ke6 Rc7 41. Rb2 Rc5 42. Kf7 Rc7+ 43. Ke6 Rc5 44. Rb4 Rc2 45. Rg4 Rc7 46. Rb4 Rc2 47. Rg4 Rc7 48. h4 h5 49. Rb4 Rc2 50. g4 Rf2 51. Rb3 e4 52. fxe4 Rf4 53. g5 fxg5 54. hxg5 g6 55. e5 Rf5 56. Kd6 Rxg5 57. e6 Rg1 58. Re3 Rd1+ 59. Ke5 Rd8 60. Kf6 1-0

[Event "Recklinghausen op 15th"]
[Site "Recklinghausen"]
[Date "2005.08.04"]
[Round "4"]
[White "Stoyanov, Petar"]
[Black "Barskij, Alexander"]
[Result "1-0"]
[WhiteElo "2263"]
[BlackElo "1996"]
[PlyCount "55"]
[EventDate "2005.08.01"]
[EventType "swiss"]
[EventRounds "7"]
[EventCountry "GER"]
[SourceTitle "CBM 107 Extra"]
[Source "ChessBase"]
[SourceDate "2005.09.01"]
[SourceVersion "1"]
[SourceVersionDate "2005.09.01"]
[SourceQuality "1"]

1. d4 Nf6 2. Bg5 d5 3. Bxf6 exf6 4. e3 Bd6 5. g3 0-0 6. Bg2 c6 7. Ne2 Re8 8. 0-0 Nd7 9. Nd2 f5 10. c4 dxc4 11. Nxc4 Bc7 12. Nc3 Nf6 13. Qd3 Be6 14. Rfc1 Qd7 15. Nd2 Rad8 16. b4 g5 17. Nb3 Qd6 18. Nc5 Bc8 19. Rd1 Ng4 20. Ne2 h5 21. Rac1 h4 22. b5 Qh6 23. bxc6 bxc6 24. Na6 Bxa6 25. Qxa6 hxg3 26. hxg3 Qh2+ 27. Kf1 Rxe3 28. Rxc6 1-0

[Event "Recklinghausen op 15th"]
[Site "Recklinghausen"]
[Date "2005.08.03"]
[Round "3"]
[White "Stoyanov, Petar"]
[Black "Sharma, Dinesh Kumar"]
[Result "1-0"]
[WhiteElo "2263"]
[BlackElo "2369"]
[PlyCount "57"]
[EventDate "2005.08.01"]
[EventType "swiss"]
[EventRounds "7"]
[EventCountry "GER"]
[SourceTitle "CBM 107 Extra"]
[Source "ChessBase"]
[SourceDate "2005.09.01"]
[SourceVersion "1"]
[SourceVersionDate "2005.09.01"]
[SourceQuality "1"]

1. e4 e5 2. Nf3 Nc6 3. Bc4 Nf6 4. d3 Bc5 5. 0-0 0-0 6. Bg5 d6 7. c3 Na5 8. Bb5 a6 9. Ba4 Ba7 10. Nbd2 h6 11. Be3 b5 12. Bc2 c5 13. h3 Re8 14. d4 Nc6 15. dxe5 dxe5 16. Nh4 Ng4 17. Nf5 Nxe3 18. fxe3 c4 19. Qe2 Ne7 20. Rad1 Nxf5 21. exf5 Qg5 22. Rde1 Bb7 23. Be4 Rab8 24. Bxb7 Rxb7 25. Ne4 Qd8 26. Qg4 f6 27. Rd1 Bxe3+ 28. Kh1 Qb6 29. Rd6 1-0

[Event "Unna op"]
[Site "Unna"]
[Date "2004.12.28"]
[Round "4"]
[White "Kolkin, Michail"]
[Black "Stoyanov, Petar"]
[Result "1-0"]
[WhiteElo "2076"]
[BlackElo "2290"]
[PlyCount "102"]
[EventDate "2004.12.27"]
[EventType "swiss"]
[EventRounds "7"]
[EventCountry "GER"]
[SourceTitle "CBM 104 Extra"]
[Source "ChessBase"]
[SourceDate "2005.03.01"]
[SourceVersion "1"]
[SourceVersionDate "2005.03.01"]
[SourceQuality "1"]

1. e4 d6 2. d4 Nf6 3. Nc3 c6 4. g3 Qa5 5. Bg2 e5 6. Nge2 Be7 7. h3 0-0 8. Be3 Re8 9. 0-0 Nbd7 10. g4 g6 11. Ng3 Nb6 12. Qd3 exd4 13. Bxd4 Be6 14. Qf3 Nbd7 15. Qd1 c5 16. Be3 Ne5 17. f4 Nc4 18. Bc1 Nb6 19. Qf3 Nfd7 20. b3 Bf6 21. Bd2 Bg7 22. Rad1 Rac8 23. a4 Qa6 24. Nb5 Rc6 25. Bc3 Bxc3 26. Qxc3 c4 27. Qb4 cxb3 28. cxb3 Nc5 29. Nxd6 Rf8 30. e5 Rc7 31. a5 Nbd7 32. Nb5 Rcc8 33. Nd4 b6 34. axb6 axb6 35. f5 Nxe5 36. fxe6 fxe6 37. Ne4 Rxf1+ 38. Rxf1 Qd3 39. Qc3 Qxc3 40. Nxc3 Nxb3 41. Ncb5 Nc5 42. Nxe6 Nxe6 43. Bd5 Rc5 44. Bxe6+ Kg7 45. Nd4 Rc3 46. Re1 Nd3 47. Re3 Rc1+ 48. Kh2 Nf4 49. Bb3 h5 50. g5 h4 51. Re4 Rf1 1-0

[Event "Muensterland op 22nd"]
[Site "Senden"]
[Date "2004.10.29"]
[Round "9"]
[White "Seegers, Hendrik"]
[Black "Stoyanov, Petar"]
[Result "1-0"]
[WhiteElo "2186"]
[BlackElo "2290"]
[PlyCount "119"]
[EventDate "2004.10.22"]
[EventType "swiss"]
[EventRounds "9"]
[EventCountry "GER"]
[SourceTitle "EXT 2006"]
[Source "ChessBase"]
[SourceDate "2005.11.24"]
[SourceVersion "1"]
[SourceVersionDate "2005.11.24"]
[SourceQuality "1"]

1. d4 Nf6 2. Nf3 d6 3. c4 g6 4. Nc3 Bg7 5. e3 0-0 6. Be2 c6 7. 0-0 a6 8. b3 b5 9. Bb2 Bf5 10. Nh4 Bc8 11. Qc2 Nbd7 12. Rad1 Rb8 13. e4 e5 14. Nf3 Qe7 15. dxe5 dxe5 16. Rfe1 Nh5 17. cxb5 axb5 18. a4 b4 19. Nb1 Bb7 20. Nbd2 Nf4 21. Bf1 f6 22. Nc4 c5 23. Na5 Ba8 24. Bb5 Rfd8 25. Bc6 Rb6 26. Bxd7 Rxd7 27. Rxd7 Qxd7 28. Qxc5 Rd6 29. Qc4+ Kh8 30. Qxb4 h5 31. Nc4 Rd1 32. Ne3 Rxe1+ 33. Nxe1 Kh7 34. f3 Qa7 35. Qd2 Bf8 36. N1c2 Qb6 37. b4 Qa6 38. g3 Nh3+ 39. Kg2 Ng5 40. h4 Nxe4 41. fxe4 Bxe4+ 42. Kf2 Qxa4 43. Bc3 Bg7 44. Ne1 Qb5 45. Qd6 Qa4 46. Qe6 Qa3 47. Qc4 Bb7 48. Nd3 Qa8 49. b5 Bh1 50. Ne1 Qb7 51. N1g2 f5 52. Kg1 Bxg2 53. Nxg2 Qf3 54. Be1 e4 55. Bf2 Qd1+ 56. Kh2 Qd2 57. Be3 Qb2 58. b6 Be5 59. Qf7+ Kh8 60. b7 1-0

[Event "Berkel op-A"]
[Site "Berkel"]
[Date "2003.09.14"]
[Round "4"]
[White "Stoyanov, Petar"]
[Black "Funke, Reinhard"]
[Result "1-0"]
[WhiteElo "2269"]
[BlackElo "2130"]
[PlyCount "93"]
[EventDate "2003.09.13"]
[EventType "swiss"]
[EventRounds "7"]
[EventCountry "GER"]
[SourceTitle "EXT 2005"]
[Source "ChessBase"]
[SourceDate "2004.11.15"]
[SourceVersion "1"]
[SourceVersionDate "2004.11.15"]
[SourceQuality "1"]

1. d4 d5 2. c4 e6 3. Nc3 Be7 4. Nf3 Nf6 5. Bg5 0-0 6. e3 h6 7. Bh4 b6 8. cxd5 Nxd5 9. Bxe7 Qxe7 10. Nxd5 exd5 11. Rc1 Be6 12. Qa4 c5 13. Qa3 Rc8 14. Be2 Qb7 15. dxc5 bxc5 16. 0-0 Qb6 17. Nd2 a5 18. Qc3 Nd7 19. Rfd1 a4 20. Nf1 Rab8 21. Rd2 Nf6 22. Qe5 c4 23. Ng3 Rc5 24. h3 Rb5 25. Rcc2 Qa7 26. Kh2 a3 27. bxa3 Qxa3 28. Bf3 Nd7 29. Qd4 Qc5 30. Qc3 Nf6 31. Qe5 Nd7 32. Qc3 Nf6 33. Ne2 Bf5 34. Rc1 Be4 35. Qe5 Re8 36. Qf4 Qb6 37. Nc3 Rb2 38. Na4 Qb4 39. Rxb2 Qxa4 40. Bxe4 Nxe4 41. Rb7 Rf8 42. Rcb1 Qxa2 43. Rb8 Qxf2 44. Rxf8+ Kxf8 45. Rb8+ Ke7 46. Qe5+ Kd7 47. Rb7+ 1-0

[Event "Berkel op-A"]
[Site "Berkel"]
[Date "2003.09.12"]
[Round "1"]
[White "Brendel, Bergit"]
[Black "Stoyanov, Petar"]
[Result "0-1"]
[WhiteElo "2111"]
[BlackElo "2269"]
[PlyCount "103"]
[EventDate "2003.09.13"]
[EventType "swiss"]
[EventRounds "7"]
[EventCountry "GER"]
[SourceTitle "EXT 2005"]
[Source "ChessBase"]
[SourceDate "2004.11.15"]
[SourceVersion "1"]
[SourceVersionDate "2004.11.15"]
[SourceQuality "1"]

1. e4 e5 2. Nf3 Nc6 3. Bb5 g6 4. d4 exd4 5. 0-0 Bg7 6. c3 dxc3 7. Nxc3 d6 8. Bg5 f6 9. Bh4 Bd7 10. Nd5 Ne5 11. Bxd7+ Qxd7 12. Nd4 c6 13. f4 cxd5 14. exd5 Ng4 15. Rc1 Rc8 16. Qe2+ Ne7 17. Ne6 Kf7 18. Qxg4 Nf5 19. Nd4 Rhe8 20. Nxf5 Qxf5 21. Qxf5 gxf5 22. Bf2 a6 23. Bb6 Rxc1 24. Rxc1 Re2 25. Rc7+ Kg6 26. b4 Re4 27. Ba5 Rxf4 28. Rxb7 Rd4 29. a4 Rxd5 30. Rb6 Rd1+ 31. Kf2 Ra1 32. Rxa6 Rxa4 33. b5 Ra2+ 34. Ke3 Ra3+ 35. Ke2 Bh6 36. Bc7 Re3+ 37. Kf2 Rb3 38. b6 Be3+ 39. Ke2 Bc5 40. Kd2 f4 41. Kc2 Rb4 42. Kc3 Kf5 43. Ra2 Ke6 44. Rb2 Rxb2 45. Kxb2 Kd7 46. Kc3 Kc6 47. Bd8 f5 48. Bg5 Be3 49. Kd3 Kxb6 50. g3 Kc6 51. h4 h5 52. gxf4 0-1

[Event "Oberliga NRW 0203 II"]
[Site "Germany"]
[Date "2003.01.05"]
[Round "4.6"]
[White "Babar, Michael"]
[Black "Stoyanov, Petar"]
[Result "1/2-1/2"]
[WhiteElo "2167"]
[BlackElo "2180"]
[PlyCount "120"]
[EventDate "2002.10.06"]
[EventType "team-tourn"]
[EventRounds "9"]
[EventCountry "GER"]
[SourceTitle "EXT 2004"]
[Source "ChessBase"]
[SourceDate "2003.11.25"]
[SourceVersion "1"]
[SourceVersionDate "2003.11.25"]
[SourceQuality "1"]
[WhiteTeam "Muenster II"]
[BlackTeam "Gesch"]
[WhiteTeamCountry "GER"]
[BlackTeamCountry "GER"]

1. e4 c6 2. d4 d5 3. exd5 cxd5 4. Nf3 Nf6 5. Bb5+ Bd7 6. Bxd7+ Nbxd7 7. 0-0 e6 8. Bg5 Be7 9. Nbd2 0-0 10. Re1 Qb6 11. Ne5 Rfe8 12. Ndf3 Nxe5 13. Nxe5 Ne4 14. Bxe7 Rxe7 15. f3 Nd6 16. Rb1 Rc8 17. c3 Nc4 18. Nxc4 Rxc4 19. Qb3 Qa6 20. Re5 g6 21. Rbe1 Rec7 22. f4 b5 23. f5 gxf5 24. Qd1 Qc8 25. Qh5 b4 26. Qg5+ Kf8 27. Qh6+ Ke7 28. Rxd5 bxc3 29. bxc3 Rxc3 30. Qg5+ Ke8 31. Rxf5 Re7 32. Rc5 Rc7 33. Rd5 Rc1 34. Qg8+ Ke7 35. Qg5+ Ke8 36. Qg8+ Ke7 37. Qg5+ Ke8 38. Rde5 Rxe1+ 39. Rxe1 Qd8 40. Qg8+ Ke7 41. Qg5+ Kd7 42. Qb5+ Kc8 43. Rb1 Qxd4+ 44. Kh1 Kd8 45. Qg5+ Kd7 46. Qh5 Qf4 47. Rd1+ Ke7 48. Qxh7 Rc1 49. Qd3 Rxd1+ 50. Qxd1 Qf2 51. a4 e5 52. Qg1 Qd2 53. Qxa7+ Kf6 54. Qa6+ Kg7 55. h4 e4 56. Qb5 Qe1+ 57. Kh2 Qxh4+ 58. Kg1 Qe1+ 59. Kh2 Kg6 60. Qe5 Qh4+ 1/2-1/2

[Event "Oberliga NRW 0102 I"]
[Site "Germany"]
[Date "2001.10.21"]
[Round "2.7"]
[White "Stoyanov, Petar"]
[Black "Braslavskij, Alex"]
[Result "0-1"]
[WhiteElo "2194"]
[BlackElo "2220"]
[PlyCount "100"]
[EventDate "2001.10.??"]
[EventType "team-tourn"]
[EventRounds "9"]
[EventCountry "GER"]
[SourceTitle "EXT 2004"]
[Source "ChessBase"]
[SourceDate "2003.11.25"]
[SourceVersion "1"]
[SourceVersionDate "2003.11.25"]
[SourceQuality "1"]
[WhiteTeam "Gesch"]
[BlackTeam "Elberfeld"]
[WhiteTeamCountry "GER"]
[BlackTeamCountry "GER"]

1. d4 Nf6 2. Nf3 g6 3. c4 Bg7 4. g3 d6 5. Bg2 0-0 6. 0-0 Nbd7 7. Nc3 e5 8. e4 c6 9. h3 a5 10. Re1 exd4 11. Nxd4 Nc5 12. Be3 Re8 13. Qc2 a4 14. Rad1 Qa5 15. Bf4 Ne6 16. Bxd6 Nxd4 17. Rxd4 Nd5 18. e5 Bf5 19. Be4 Nxc3 20. Qxc3 Qxc3 21. bxc3 Bxe5 22. Bxc6 bxc6 23. Rxe5 Bxh3 24. a3 h5 25. c5 Be6 26. Rb4 f6 27. Re3 g5 28. Rb7 Bf7 29. Be7 Rab8 30. Rb6 Kg7 31. Bd6 Rxe3 32. fxe3 Re8 33. Kf2 Bd5 34. e4 Bxe4 35. Ra6 h4 36. gxh4 gxh4 37. Rxa4 Kh6 38. Ra7 Rg8 39. Re7 f5 40. Bf4+ Kh5 41. Rh7+ Kg4 42. Be5 Kh3 43. Rh6 Rg2+ 44. Ke1 Bf3 45. Bf4 Ra2 46. Kf1 Rxa3 47. Kf2 Be4 48. Bg5 Ra2+ 49. Ke1 Kg4 50. Bxh4 Ra1+ 0-1